000
00213nam a22000857a 4500
008
170228b xxu||||| |||| 00| 0 eng d
100
_9
2943
_a
Gupta.N
245
_a
Financial Statments XII
260
_a
New delhi
_b
RPB
_c
2007
999
_c
6185
_d
6185